<?xml version="1.0" encoding="UTF-8"?>
<record
    xmlns:xsi="http://www.w3.org/2001/XMLSchema-instance"
    xsi:schemaLocation="http://www.loc.gov/MARC21/slim http://www.loc.gov/standards/marcxml/schema/MARC21slim.xsd"
    xmlns="http://www.loc.gov/MARC21/slim">

  <leader>01146cam a2200265 a 4500</leader>
  <controlfield tag="001">000011605</controlfield>
  <controlfield tag="005">20200929162512.0</controlfield>
  <controlfield tag="008">940809s1991    sp a     b    001 0bspa  </controlfield>
  <datafield tag="020" ind1=" " ind2=" ">
    <subfield code="a">8478201025</subfield>
  </datafield>
  <datafield tag="040" ind1=" " ind2=" ">
    <subfield code="a">DO-SdBNP</subfield>
    <subfield code="b">spa</subfield>
    <subfield code="c">BNPHU</subfield>
  </datafield>
  <datafield tag="082" ind1=" " ind2=" ">
    <subfield code="a">686.246553</subfield>
    <subfield code="b">P371i</subfield>
  </datafield>
  <datafield tag="100" ind1="1" ind2=" ">
    <subfield code="a">Pedraza Grac&#xED;a, Manuel Jos&#xE9;,</subfield>
    <subfield code="d">1959-</subfield>
    <subfield code="9">6145</subfield>
  </datafield>
  <datafield tag="245" ind1="1" ind2="3">
    <subfield code="a">La imprenta de Gabriel de Hijar :</subfield>
    <subfield code="b">Zaragoza, 1576 /</subfield>
    <subfield code="c">Manuel Jos&#xE9; Pedraza Grac&#xED;a.</subfield>
  </datafield>
  <datafield tag="260" ind1=" " ind2=" ">
    <subfield code="a">Zaragoza :</subfield>
    <subfield code="b">Instituci&#xF3;n Fernando el Cat&#xF3;lico,</subfield>
    <subfield code="c">1991.</subfield>
  </datafield>
  <datafield tag="300" ind1=" " ind2=" ">
    <subfield code="a">150 p. :</subfield>
    <subfield code="b">il., facs&#xED;ms. ;</subfield>
    <subfield code="c">25 cm.</subfield>
  </datafield>
  <datafield tag="490" ind1="1" ind2=" ">
    <subfield code="a">Publicaci&#xF3;n de la Instituci&#xF3;n "Fernando el Cat&#xF3;lico"</subfield>
  </datafield>
  <datafield tag="504" ind1=" " ind2=" ">
    <subfield code="a">Incluye referencias bibliogr&#xE1;ficas y notas al pie de las p&#xE1;ginas.</subfield>
  </datafield>
  <datafield tag="651" ind1=" " ind2="4">
    <subfield code="a">Espa&#xF1;a</subfield>
    <subfield code="x">Incunables</subfield>
    <subfield code="9">27447</subfield>
  </datafield>
  <datafield tag="650" ind1=" " ind2="4">
    <subfield code="a">Imprenta</subfield>
    <subfield code="z">Espa&#xF1;a</subfield>
    <subfield code="z">Zaragoza</subfield>
    <subfield code="x">Biograf&#xED;a</subfield>
    <subfield code="9">27448</subfield>
  </datafield>
  <datafield tag="600" ind1="1" ind2="4">
    <subfield code="a">HIJAR, GABRIEL DE,</subfield>
    <subfield code="d">fl. 1563-1576.</subfield>
    <subfield code="9">27449</subfield>
  </datafield>
  <datafield tag="650" ind1=" " ind2="4">
    <subfield code="a">Imprenta</subfield>
    <subfield code="z">Espa&#xF1;a</subfield>
    <subfield code="z">Zaragoza</subfield>
    <subfield code="x">Historia</subfield>
    <subfield code="y">SIGLO XVI</subfield>
    <subfield code="9">27450</subfield>
  </datafield>
  <datafield tag="650" ind1=" " ind2="4">
    <subfield code="a">Incunables</subfield>
    <subfield code="z">Espa&#xF1;a</subfield>
    <subfield code="z">Zaragoza</subfield>
    <subfield code="y">SIGLO XVI</subfield>
    <subfield code="v">BIBLIOGRAF&#xCD;A</subfield>
    <subfield code="9">27451</subfield>
  </datafield>
  <datafield tag="651" ind1=" " ind2="4">
    <subfield code="a">Zaragoza (Espa&#xF1;a{Rpara}</subfield>
    <subfield code="x">Imprenta</subfield>
    <subfield code="9">27452</subfield>
  </datafield>
  <datafield tag="830" ind1=" " ind2="0">
    <subfield code="a">Publicaci&#xF3;n de la Instituci&#xF3;n "Fernando el Cat&#xF3;lico"</subfield>
    <subfield code="9">13716</subfield>
  </datafield>
  <datafield tag="952" ind1=" " ind2=" ">
    <subfield code="0">0</subfield>
    <subfield code="1">0</subfield>
    <subfield code="5">2</subfield>
    <subfield code="7">0</subfield>
    <subfield code="8">MO</subfield>
    <subfield code="a">GR</subfield>
    <subfield code="b">GR</subfield>
    <subfield code="c">CT</subfield>
    <subfield code="d">2009-10-21</subfield>
    <subfield code="i">LF1</subfield>
    <subfield code="l">0</subfield>
    <subfield code="o">686.246553 P371i</subfield>
    <subfield code="p">11605-10</subfield>
    <subfield code="r">2020-06-25</subfield>
    <subfield code="w">2020-06-25</subfield>
    <subfield code="y">2</subfield>
    <subfield code="Z">Pr&#xE9;stamo interno</subfield>
  </datafield>
  <datafield tag="999" ind1=" " ind2=" ">
    <subfield code="c">11300</subfield>
    <subfield code="d">11300</subfield>
  </datafield>
</record>
